000 00426nam a22001697a 4500
003 MACL
005 20160113155147.0
008 160113b xxu||||| |||| 00| 0 eng d
040 _aMACL
_cMACL
041 _aEnglish
082 _a968/WOR
100 _aWorsfold, W Basil
_931915
245 _aA History of South Africa
260 _bJ M Dent & Sons LTD
_c1900
_aLondon
650 _aHistory
_931916
942 _cBK
_k968/WOR
_2ddc
999 _c37875
_d37875